000 00340nam a2200133Ia 4500
008 100328s9999 xx 000 0 und d
082 _b58415
100 _aShufflebotham Robert
245 _aPhotoshop in Easy Staps.
260 _bDreamtech.
630 _aPhotoshop in Easy Staps.
730 _aPhotoshop in Easy Staps.
942 _cBOOK
999 _c544751
_d544748